Plus grandes villes du monde par lettre - N/O - Statistiques

Statistiques générales
  • Ce quiz a été pris 321 fois
  • Le résultat moyen est 6 sur 14
Statistiques - réponses
Pays Population Ville % Correct
États-Unis 22.589 Mio New York
91%
Italie 4.434 Mio Naples
85%
Kenya 7.491 Mio Nairobi
79%
Japon 19.778 Mio Osaka
73%
Burkina Faso 2.966 Mio Ouagadougou
55%
Japon 11.322 Mio Nagoya
47%
États-Unis 4.161 Mio Orlando
46%
Chine 8.436 Mio Nankin
35%
États-Unis 2.063 Mio Nashville
34%
Russie 2.087 Mio Nijni Novgorod
31%
Russie 2.093 Mio Novossibirsk
26%
Inde 2.608 Mio Nagpur
10%
Chine 4.172 Mio Nanchang
4%
Nigéria 2.089 Mio Oshogbo
2%
Aucun quiz correspondant
Distribution des résultats
% des personnes avec chaque résultat
Percentile par nombre de réponses
Votre historique - résultats
Vous n’avez pas pris ce quiz